Canciones de Aitana - Estadísticas

Estadísticas generales
  • Esta prueba ha sido intentada 664 veces
    349 desde el último reinicio
  • La puntuación promedio es 25 de 48
Estadísticas de respuestas
Responder REVELACIÓN % Correcto
Más 8 FT. Cali y el Dandee
86%
Vas a quedarte 4
82%
Teléfono 2
81%
11 razones 11
79%
Menos 2 FT. Alvaro Díaz y Pole
79%
Me quedo 3. Ft. Lola Indigo
74%
Formentera 11 FT. Nicki Nicole
70%
Con la miel en los labios 6
69%
Por 4
68%
miamor 9 FT. RelsB
67%
La última 8
66%
Dividido 6
63%
Popcorn 12
63%
Igual 10
62%
Corazón sin vida 5 FT. Sebastian Yatra
61%
Alpha 1
59%
AQYNE 5 FT. Danna Paola
59%
24 rosas 13
56%
Los Ángeles 2
56%
Cuando te fuiste 7 FT. Natalia Lacunza
55%
No te has ido y ya te extraño 1
52%
Las Babys 3
52%
Nada sale mal 1
51%
El cine 2
49%
En el coche 14
48%
Luna 10
48%
Estupidez 3 FT. Beret
46%
Hold 10
46%
Si no vas a volver 9
46%
The Killers 8
43%
2 extraños 12
42%
Dararí 4
42%
Las Vegas 5
42%
Barro y hielo 14
41%
Cristal 11
41%
El trece 13
41%
Stupid 9
41%
Dormir 6
40%
Oasis 4
40%
Pensando en ti 15
40%
A la calle 7
39%
Mejor que tú 8
39%
Ella bailaba 6
38%
Quiero 1
38%
Perdimos la razón 7
37%
Otra noche sin ti 7
36%
Tu culpa 3
33%
Me levanté 5
31%
No se encontraron pruebas coincidentes
Distribución de puntuación
Porcentaje de gente con cada puntuación
Porcentaje por número respondido
Historial de tus puntuaciones
No has intentado esta prueba desde el último reinicio